000 00319nam a22001337a 4500
008 171101b xxu||||| |||| 00| 0 eng d
020 _a9780324013726
041 _aeng
080 _23RD
_a33
100 _a59
101 _aBUS
245 _aBUSINESS COMMUNICATION PROCESS AND PRODUCT
_cMARSHALL.TH.A
942 _2udc
_cBK
999 _c37008
_d37008